000 00675nam a22002297a 4500
003 UA-OsUOA
001 25807
007 ta
008 20040427b un ||||| |||| 00| 0 ukr d
090 _a359(091)(470)
_bГ39
942 _cBK
040 _aUA-OsUOA
_brus
_cUA-OsUOA
_dUA-OsUOA
245 _aГероические корабли российского и советского военно-морского флота
300 _a204 с.
955 _a0
041 _arus
080 _a359(091)(470)
260 _aМосква
_bВоенное изд-во министерства обороны ССР
_c1981
044 _aRU
650 7 _2UDC
999 _c312110
_d312110